| 000 | 00845nam a22001937a 4500 | ||
|---|---|---|---|
| 999 |
_c20514 _d20514 |
||
| 003 | AR-CdUCM | ||
| 008 | 190530b ||||| |||| 00| 0 spa d | ||
| 040 |
_aMUNICIPALIDAD PROVINCIAL DEL CUSCO _cBIBLIOTECA MUNICIPAL DEL CUSCO |
||
| 082 |
_a621.83 / _bL91 |
||
| 100 |
_a Loyarte Urrutibehety, C.F _942875 |
||
| 245 |
_aCinemática de los engranajes : _bEstudio de los mecanismos de ruedas dentadas con numerosos ejemplos de aplicación / |
||
| 260 |
_aBuenos Aires : _bG. Gili, _bBalmes, _c1952. |
||
| 300 |
_a236 páginas ; _bIlustraciones, _c27 cm. |
||
| 505 | _aContenido : Mecanismos de engranajes -- Mecanismos epicicloidales planos -- Mecanismos epicicloidales esféricos... | ||
| 650 |
_aNociones fundamentales de cinemática _942876 |
||
| 650 |
_aTransmisiones silenciosas y sincronizadas _942877 |
||
| 942 |
_2ddc _cLIBROS |
||
| 945 | _aandy | ||